Kosovo PMs by image - Statistics

General Stats
  • This quiz has been taken 19 times
  • The average score is 5 of 6
Answer Stats
Picture Hint Answer % Correct
Since 2021 Albin Kurti
94%
2008-2014 Hashim Thaçi
94%
2020 Albin Kurti
89%
2017-2020 Ramush Haradinaj
89%
2020-2021 Avdullah Hoti
83%
2014-2017 Isa Mustafa
83%
No matching quizzes found
Score Distribution
Percent of People with Each Score
Percentile by Number Answered
Your Score History
You have not taken this quiz